[Event "Oz.com qualifier blitz"]
[Site "Internet ICC"]
[Date "2000.03.05"]
[Round "8"]
[White "Fernandes,C"]
[Black "Komliakov,V"]
[Result "0-1"]
[WhiteElo "2027"]
[BlackElo "2463"]

1.d4 d6 2.Nf3 Nf6 3.c4 g6 4.g3 Bg7 5.Bg2 O-O 6.O-O c6 7.Nc3 Qa5 8.e4 Qh5
9.e5 dxe5 10.Nxe5 Qxd1 11.Rxd1 Nbd7 12.Nf3 Nb6 13.b3 Bf5 14.Bb2 Rad8 15.Re1 Rfe8
16.Rad1 h6 17.h3 g5 18.Ne5 Nfd7 19.g4 Bc2 20.Rc1 Nxe5 21.dxe5 Bg6 22.Be4 Bxe4
23.Nxe4 Nd7 24.Kg2 Bxe5 25.Ba3 f6 26.Rcd1 Kf7 27.Rd3 Nf8 28.Red1 Ne6 29.Rd7 b6
30.Rxd8 Rxd8 31.Rxd8 Nxd8 32.Kf3 Nb7 33.Bc1 Nd8 34.Be3 Ne6 35.c5 b5 36.Ke2 Nc7
37.Kd3 Nd5 38.Bd2 a6 39.f3 Kg6 40.a4 h5 41.axb5 axb5 42.Kc2 Bf4 43.Ba5 f5
44.gxf5+ Kxf5 45.Nf2 Be3 46.Ne4 Kf4  0-1

[Event "Frisco Masters"]
[Site "San Francisco USA"]
[Date "2000.03.06"]
[Round "1"]
[White "Fedorowicz,J"]
[Black "Reizniece,D"]
[Result "1-0"]
[WhiteElo "2540"]
[BlackElo "2259"]

1.d4 Nf6 2.Nf3 g6 3.c4 Bg7 4.g3 O-O 5.Bg2 d6 6.O-O Nc6 7.Nc3 a6 8.b3 Rb8
9.Nd5 Nh5 10.Bb2 e6 11.Nc3 b5 12.d5 Na7 13.dxe6 fxe6 14.cxb5 axb5 15.b4 Nc6
16.a3 Nf6 17.Rc1 Bd7 18.e3 Ng4 19.Qe2 Nge5 20.Nd2 d5 21.Nd1 Nc4 22.Bxg7 Kxg7
23.Nxc4 bxc4 24.f4 Qf6 25.Nf2 h5 26.Rfd1 Ra8 27.Ne4 Qe7 28.Nc5 Be8 29.e4 Bf7
30.Re1 Qd6 31.Qb2+ Kh7 32.Rcd1 Bg8 33.Kh1 Rab8 34.exd5 exd5 35.Ne4 Qd8 36.Ng5+ Kh6
37.Qh8+  1-0

[Event "Israeli League"]
[Site "Ramat Aviv ISR"]
[Date "2000.03.17"]
[Round "6"]
[White "Zoler,D"]
[Black "Peker,O"]
[Result "1/2-1/2"]
[WhiteElo "2525"]
[BlackElo "2385"]

1.d4 g6 2.c4 Bg7 3.Nf3 d6 4.g3 Nf6 5.Bg2 O-O 6.O-O Nbd7 7.Nc3 e5 8.h3 Re8
9.e4 exd4 10.Nxd4 Nc5 11.Re1 Bd7 12.Rb1 a5 13.Bf4 h6 14.Nb3 Ne6 15.Bd2 a4
16.Nc1 Nc5 17.b4 axb3 18.axb3 Qc8 19.Kh2 Re5 20.b4 Na4 21.Nd5 Nxd5 22.cxd5 Rh5
23.h4 Nc3 24.Bxc3 Bxc3 25.Re3 Bg7 26.f4 Bg4 27.Bf3 Bxf3 28.Qxf3 c6 29.dxc6 Qxc6
30.Ne2 Ra2 31.Kh3 Rb5  1/2-1/2

[Event "Dos Hermanas Qualifier"]
[Site "Internet ICC"]
[Date "2000.03.18"]
[Round "2.1"]
[White "Pavlovic,Mi"]
[Black "Socko,B"]
[Result "1-0"]
[WhiteElo "2481"]
[BlackElo "2556"]

1.Nf3 Nf6 2.c4 g6 3.g3 Bg7 4.Bg2 d6 5.d4 O-O 6.O-O Nc6 7.Nc3 a6 8.d5 Na5
9.Nd2 c5 10.Qc2 Rb8 11.b3 b5 12.Rb1 e5 13.dxe6 Bxe6 14.Nd5 Nxd5 15.cxd5 Bg4
16.h3 Bd7 17.Bb2 Bxb2 18.Qxb2 Re8 19.Rbe1 c4 20.b4 Nb7 21.Kh2 f6 22.e4 Qe7
23.f4 Nd8 24.Nf3 Nf7 25.Nd4 Rbc8 26.Qc3 Qd8 27.h4 Nh6 28.Bf3 Qb6 29.Bd1 a5
30.bxa5 Qc7 31.f5 gxf5 32.exf5 Re5 33.Ne6 Qa7 34.g4 Bxe6 35.fxe6 b4 36.Qg3 Qd4
37.g5 fxg5 38.Rxe5 dxe5 39.Qxg5+ Kh8 40.Qf6+ Kg8 41.Rg1+ Qxg1+ 42.Kxg1  1-0

[Event "16th Spring Festival"]
[Site "Budapest HUN"]
[Date "2000.03.24"]
[Round "8"]
[White "Yu Mingyuan"]
[Black "Kerek,K"]
[Result "1-0"]
[WhiteElo "2419"]
[BlackElo "2386"]

1.d4 Nf6 2.Nf3 g6 3.c4 Bg7 4.g3 O-O 5.Bg2 d6 6.O-O Nc6 7.d5 Na5 8.Nfd2 c5
9.Nc3 a6 10.Qc2 Rb8 11.b3 b5 12.Bb2 h5 13.h3 bxc4 14.bxc4 Bh6 15.f4 e5 16.dxe6 Bxe6
17.Nd5 Bxd5 18.cxd5 Bg7 19.Bc3 c4 20.Kh2 Qc7 21.f5 g5 22.Ne4 Nxe4 23.f6 Nxc3
24.Qxc3 Rfe8 25.fxg7 Rxe2 26.Rae1 Rbb2 27.Rxe2 Rxe2 28.Qf6 Qe7 29.Qh6 Rxg2+
30.Kxg2 Qe4+ 31.Rf3  1-0

[Event "Cat XI Spring"]
[Site "Kiev UKR"]
[Date "2000.03.27"]
[Round "6"]
[White "Gritsak,O"]
[Black "Korotylev,A"]
[Result "0-1"]
[WhiteElo "2522"]
[BlackElo "2477"]

1.d4 Nf6 2.c4 g6 3.Nf3 Bg7 4.g3 O-O 5.Bg2 d6 6.O-O Nbd7 7.Nc3 e5 8.h3 c6
9.e4 Qb6 10.c5 dxc5 11.dxe5 Ne8 12.Be3 Qxb2 13.Na4 Qb5 14.Qc2 Nxe5 15.Nxe5 Bxe5
16.Rab1 Qa5 17.Bxc5 Bd6 18.Rfd1 Bxc5 19.Nxc5 Qc7 20.Qd2 b6 21.Nd7 Bxd7 22.Qxd7 Rc8
23.e5 Ng7 24.Rd6 c5 25.Bb7 Qxd7 26.Rxd7 Rcd8 27.Rbd1 Ne6 28.Ba6 Nd4 29.Rxd8 Rxd8
30.Kg2 Kf8 31.f4 Ke7 32.a4 f6 33.exf6+ Kxf6 34.Re1 Nf5 35.Re2 Rd4 36.a5 Ra4
37.g4 Nd6 38.f5 gxf5 39.gxf5 Nxf5 40.Bd3 Rxa5 41.Rf2 c4 42.Bxc4 Kg5 43.Bd3 h5
44.Kf3 Re5 45.Be4 Nd4+ 46.Ke3 Ne6 47.Kf3 Ra5 48.Bb1 Ra3+ 49.Ke4 Nc5+ 50.Kd5 Rxh3
51.Rf5+ Kg4 52.Rf7 Rh1 53.Bf5+ Kg5 54.Bc8 a5 55.Rf5+ Kg6 56.Rf3 Rc1 57.Rg3+ Kf6
58.Rf3+ Kg5 59.Rg3+ Kf4 60.Rh3 Ne4 61.Bb7 Rc5+ 62.Kd4 Nd6 63.Ba6 Nf5+ 64.Kd3 h4
65.Rh1 b5 66.Bb7 b4 67.Rf1+ Ke5 68.Re1+ Kd6 69.Be4 Rc3+ 70.Kd2 Nd4 71.Rh1 h3
72.Bd3 Nf3+ 73.Ke2 Ke5  0-1

[Event "21st Open A"]
[Site "Bled SLO"]
[Date "2000.03.30"]
[Round "6"]
[White "Brumen,D"]
[Black "Podkriznik,G"]
[Result "1-0"]
[WhiteElo "2403"]
[BlackElo "2331"]

1.d4 Nf6 2.c4 g6 3.Nf3 Bg7 4.g3 O-O 5.Bg2 d6 6.O-O Nc6 7.Nc3 a6 8.d5 Na5
9.Nd2 c5 10.Rb1 Rb8 11.e4 b5 12.b3 e6 13.h3 Re8 14.Re1 Bd7 15.Qc2 h5 16.Bb2 bxc4
17.bxc4 Bh6 18.Bf1 h4 19.dxe6 Bxe6 20.Nd5 Bxd5 21.cxd5 hxg3 22.fxg3 Nh5 23.g4 Nf4
24.Nf3 Bg7 25.Bxg7 Rxb1 26.Qxb1 Kxg7 27.Qb2+ Qf6 28.Qa3 Rh8 29.g5 Qd8 30.Qc3+ Kg8
31.Kh2 Qd7 32.Ng1 Qd8 33.Rb1 Qc7 34.Bxa6 Kh7 35.Rb5 Re8 36.Qxa5 Qe7 37.Qe1 Qxg5
38.Qg3 Qf6 39.Nf3 Ra8 40.Qg5 Qxg5 41.Nxg5+ Kh6 42.Nxf7+ Kg7 43.Rb6 Kxf7 44.Rxd6 Re8
45.Rc6 Rxe4 46.Rxc5 Rd4 47.Kg3 Ke7 48.Bc4 Kd6 49.Rc6+ Ke5 50.a4 Rd1 51.a5 Ra1
52.d6 Nh5+ 53.Kf3 Nf6 54.a6 Ra3+ 55.Ke2 g5 56.Kd1 Nd7 57.Kc2 Ra5 58.Kb3 Ra1
59.Kb4 Rb1+ 60.Bb3 Ra1 61.Ba4  1-0

[Event "21st Open A"]
[Site "Bled SLO"]
[Date "2000.03.31"]
[Round "7"]
[White "Jakovljevic,Vlado"]
[Black "Rudolf,Hen"]
[Result "1/2-1/2"]
[WhiteElo "2310"]
[BlackElo "2308"]

1.Nf3 g6 2.c4 Bg7 3.d4 d6 4.g3 Nf6 5.Bg2 O-O 6.Nc3 Nbd7 7.O-O e5 8.e4 a6
9.h3 exd4 10.Nxd4 Rb8 11.a4 Re8 12.Be3 Ne5 13.b3 Bd7 14.Rc1 c5 15.Nde2 Bc6
16.Qc2 Qe7 17.f3 h5 18.Bg5 Qf8 19.Qd2 Nh7 20.Be3 b5 21.axb5 axb5 22.f4 Nd7
23.e5 Bxg2 24.Kxg2 bxc4 25.bxc4 Nb6 26.Ne4 Nc8 27.N2c3 f5 28.Nxd6 Nxd6 29.exd6 Bxc3
30.Rxc3 Nf6 31.Bxc5 Ne4 32.Qd5+ Qf7 33.Rd3 Rb2+ 34.Rf2 Nxf2 35.Bxf2 Qxd5+
36.Rxd5 Kf7 37.d7 Rd8 38.c5 Rc2 39.Rd6 Ke7 40.Rxg6 Kxd7 41.Rd6+ Kc7 42.Rxd8 Kxd8
43.g4 hxg4 44.hxg4 fxg4 45.Kg3 Ke7 46.Bd4 Rc4 47.Bf2 Rc2 48.Bd4  1/2-1/2

[Event "21st Open A"]
[Site "Bled SLO"]
[Date "2000.04.01"]
[Round "8"]
[White "Romanishin,O"]
[Black "Atalik,S"]
[Result "1-0"]
[WhiteElo "2578"]
[BlackElo "2575"]

1.d4 Nf6 2.Nf3 g6 3.g3 Bg7 4.Bg2 O-O 5.c4 d6 6.O-O Nc6 7.Nc3 a6 8.b3 Rb8
9.Nd5 e6 10.Nxf6+ Qxf6 11.Bb2 Qe7 12.e4 e5 13.d5 Nd8 14.Qd2 f5 15.exf5 Bxf5
16.Nh4 Bd7 17.f4 Nf7 18.Rae1 Qd8 19.Nf3 exf4 20.Bxg7 Kxg7 21.gxf4 Qf6 22.Ng5 Nxg5
23.fxg5 Qd8 24.Qc3+ Kg8 25.Rf6 Bf5 26.Be4 Rxf6 27.gxf6 Qd7 28.Rf1 Kf7 29.Bxf5 gxf5
30.Kh1 Rg8 31.Re1 Re8 32.Rg1 Rg8 33.Re1 Re8 34.Rg1 Rg8 35.Rxg8 Kxg8 36.Qg3+ Kf8
37.Qg5 c6 38.h4 cxd5 39.cxd5 f4 40.Kg2 Qc7 41.Kf3 Qc3+ 42.Kxf4 Qd4+ 43.Kf3 Qd3+
44.Kf2 Qc2+ 45.Ke3 Qc3+ 46.Ke4 Qc2+ 47.Kd4 Qb2+ 48.Kd3 Qb1+ 49.Kc3 Qc1+ 50.Kd4 Qc5+
51.Kd3 b5  1-0

[Event "21st Open A"]
[Site "Bled SLO"]
[Date "2000.04.02"]
[Round "9"]
[White "Jakovljevic,Vlado"]
[Black "Basagic,Z"]
[Result "0-1"]
[WhiteElo "2310"]
[BlackElo "2338"]

1.Nf3 Nf6 2.c4 g6 3.d4 Bg7 4.g3 O-O 5.Bg2 d6 6.Nc3 Nc6 7.O-O a6 8.h3 Rb8
9.e4 Nd7 10.Be3 Na5 11.b3 b5 12.cxb5 axb5 13.Rc1 b4 14.Na4 Bb7 15.Qc2 c6
16.Rfd1 Nb6 17.Nb2 f5 18.exf5 gxf5 19.Ng5 Qd7 20.h4 h6 21.Nh3 Nd5 22.Bxd5+ cxd5
23.Qd2 Nc6 24.Nf4 e5 25.dxe5 Nxe5 26.Qc2 Rbc8 27.Qb1 d4 28.Bd2 Rc3 29.Bxc3 bxc3
30.Nbd3 Qc6 31.Kh2 Ng4+ 32.Kh3 Qf3 33.Qc2 Be4 34.Rf1 Be5  0-1

[Event "Val Zemitis IM"]
[Site "San Francisco USA"]
[Date "2000.04.06"]
[Round "2"]
[White "Ilic,Z1"]
[Black "Cela,A"]
[Result "1/2-1/2"]
[WhiteElo "2381"]
[BlackElo "2527"]

1.d4 Nf6 2.Nf3 g6 3.c4 Bg7 4.g3 O-O 5.Bg2 d6 6.Nc3 Nc6 7.O-O Bf5 8.d5 Na5
9.Nd4 Bd7 10.Qd3 Ng4 11.Nf3 c5 12.Bf4 a6 13.Rab1 b5 14.b3 Rb8 15.h3 Nf6 16.e4  1/2-1/2

[Event "Estonian Club Cup 2nd leg"]
[Site "Tallinn EST"]
[Date "2000.04.07"]
[Round "?"]
[White "Piarnpuu,L"]
[Black "Rjazanova Ossipova,V"]
[Result "1-0"]
[WhiteElo "2214"]
[BlackElo "2100"]

1.d4 Nf6 2.Nf3 g6 3.c4 Bg7 4.g3 O-O 5.Bg2 d6 6.O-O Nbd7 7.Nc3 c6 8.e4 e5
9.h3 Re8 10.Re1 a6 11.Be3 b5 12.cxb5 cxb5 13.a3 Bb7 14.d5 Nb6 15.b3 Nfd7
16.Rc1 f5 17.exf5 gxf5 18.Ng5 Nf8 19.Qh5 Re7 20.h4 e4 21.Ne6 Nxe6 22.dxe6 Rc8
23.Ne2 Rxe6 24.Qxf5 Re5 25.Rxc8 Nxc8 26.Qg4 Ne7 27.h5 Qc8 28.Qxc8+ Nxc8 29.Nf4 d5
30.Rd1 Ne7 31.Bd4 Rg5 32.Ne6 Bxd4 33.Nxg5 Bb6 34.Nxe4 dxe4 35.Rd7 e3 36.Rxb7 Bc5
37.fxe3 Bxa3 38.Kf2 Bc5 39.g4 Kf7 40.Be4 h6 41.Kf3 Kf6 42.Rb8  1-0

[Event "Women's Open"]
[Site "St Petersburg RUS"]
[Date "2000.04.08"]
[Round "2"]
[White "Slavina,I"]
[Black "Grigoreiva,E"]
[Result "1/2-1/2"]
[WhiteElo "2261"]
[BlackElo "2110"]

1.d4 Nf6 2.c4 g6 3.Nf3 Bg7 4.g3 O-O 5.Bg2 d6 6.O-O Bf5 7.b3 c5 8.Bb2 Nc6
9.d5 Nb4 10.Ne1 Qd7 11.a3 Na6 12.Nd2 Rab8 13.e4 Bh3 14.Nd3 e5 15.dxe6 Bxe6
16.a4 Bh3 17.Re1 Bxg2 18.Kxg2 Rfe8 19.f3 h5 20.Qc2 Rbd8 21.Rad1 b6 22.Nf1 Nc7
23.Nf4 Ne6 24.Nxe6 Qxe6 25.Ne3 Nh7 26.Bxg7 Kxg7 27.Qc3+ f6 28.Nd5 Ng5 29.Nf4 Qf7
30.Rd5 Ne6 31.Nxe6+ Rxe6 32.Red1 a5 33.h4 Qe7  1/2-1/2

[Event "Women's Open"]
[Site "St Petersburg RUS"]
[Date "2000.04.08"]
[Round "2"]
[White "Karaseva,J"]
[Black "Belaja,N"]
[Result "1/2-1/2"]
[WhiteElo "2028"]
[BlackElo "2137"]

1.Nf3 g6 2.d4 Nf6 3.c4 Bg7 4.g3 O-O 5.Bg2 d6 6.O-O c6 7.Nc3 Bg4 8.h3 Bxf3
9.Bxf3 Nbd7 10.b3 e5 11.e3 Re8 12.Qc2 Rc8 13.Bb2 d5 14.cxd5 Nxd5 15.dxe5 Nb4
16.Qe2 Nxe5 17.Bg2 Qc7 18.Rad1 Rcd8 19.Ba1 Qa5 20.Ne4 Nd5 21.Bd4 f5 22.Nc5 Re7
23.Qb2 Qc7 24.Nd3 Nxd3 25.Rxd3 Nb4 26.Rd2 Red7 27.Rfd1 Bxd4 28.exd4 Nd5 29.b4 f4
30.Qb3 Kg7 31.a3 Rf7 32.Rd3 fxg3 33.fxg3 Qe7 34.Rf1 Rxf1+ 35.Bxf1 Qf6 36.Qd1 Rf8
37.Qe2 h5 38.Bg2 h4 39.Qe5 hxg3 40.Bxd5 cxd5 41.Qxf6+ Rxf6 42.Kg2 Rf4 43.Kxg3 Re4
44.Kf2 Kf6 45.Rf3+ Ke6 46.Rd3 Kf5 47.b5 b6 48.Rf3+ Kg5 49.Rg3+ Kh5 50.Rd3 Kh4
51.a4 g5 52.Rc3 Rxd4 53.Rc7 Kxh3 54.Rxa7 Rf4+ 55.Ke3 d4+ 56.Kd3 g4 57.Rh7+ Kg2
58.Rh6 g3 59.Rxb6 Kf2 60.Rg6 g2 61.Rxg2+ Kxg2 62.b6 Rf3+  1/2-1/2

[Event "Women's Open"]
[Site "St Petersburg RUS"]
[Date "2000.04.12"]
[Round "6"]
[White "Chistiakova,T"]
[Black "Belaja,N"]
[Result "0-1"]
[WhiteElo "2060"]
[BlackElo "2137"]

1.d4 Nf6 2.Nf3 g6 3.c4 d6 4.g3 Bg7 5.Bg2 O-O 6.O-O c6 7.h3 Na6 8.Nc3 Nc7
9.e4 Rb8 10.Bg5 Bd7 11.Qd2 b5 12.e5 Nfe8 13.b3 Ne6 14.Bh6 bxc4 15.bxc4 Qa5
16.Nd5 Qxd2 17.Nxe7+ Kh8 18.Bxd2 dxe5 19.Nxe5 Bxe5 20.dxe5 Nd4 21.Rab1 Ng7
22.Bb4 Rfe8 23.Bd6 Rb6 24.Bc5 Rxb1 25.Rxb1 Nge6 26.Bd6 Ng5 27.Rb7 Bxh3 28.Bxh3 Nxh3+
29.Kg2 Ng5 30.Rxa7 Ne4 31.a4 Kg7 32.a5 h5 33.a6 Rh8 34.Rb7 h4 35.a7 h3+ 36.Kh1 Nxf2+
37.Kg1 h2+ 38.Kxf2 h1=Q 39.Ke3 Nc2+ 40.Kd3 Rh2  0-1

[Event "Schloss Open"]
[Site "Werther GER"]
[Date "2000.04.16"]
[Round "4"]
[White "Gruettemeier,U"]
[Black "Mussgnug,O"]
[Result "1/2-1/2"]
[WhiteElo "2210"]
[BlackElo "2055"]

1.d4 Nf6 2.Nf3 g6 3.c4 Bg7 4.g3 O-O 5.Bg2 d6 6.O-O Nc6 7.Nc3 a6 8.h3 Rb8
9.Be3 Re8 10.Rc1 e5 11.Qd2 exd4 12.Nxd4 Ne5 13.Nd5 c6 14.Nxf6+ Bxf6 15.Rfd1 c5
16.Nf3 Nxf3+ 17.exf3 b5 18.cxb5 axb5 19.Qxd6 Qxd6 20.Rxd6 Bxb2 21.Rcd1 c4
22.f4 Be6 23.Bc6 Ba3 24.Bxe8 Bxd6 25.Bxb5 Rxb5 26.Rxd6 Rd5 27.Rc6 Rd1+ 28.Kh2 Bd5
29.Rc8+ Kg7 30.g4 h5 31.f3 h4 32.Kg2 Rd3 33.Kf2 Kf6 34.Re8 Bc6 35.g5+ Kg7
36.Rc8 Bd5 37.a4 Be6 38.Re8 Bxh3 39.Bc5 Bd7 40.Rb8 Rd2+ 41.Ke1 Rd3 42.Bf8+ Kh7
43.Kf2 Rb3 44.Rd8 Rb2+ 45.Ke3 Rb3+ 46.Kf2  1/2-1/2

[Event "ch-URU"]
[Site "Montevideo URU"]
[Date "2000.04.17"]
[Round "3"]
[White "Riverol,J"]
[Black "Prado,R"]
[Result "1/2-1/2"]
[WhiteElo "2269"]
[BlackElo "2160"]

1.Nf3 Nf6 2.c4 g6 3.d4 Bg7 4.g3 O-O 5.Bg2 d6 6.O-O Nc6 7.d5 Na5 8.Nfd2 c5
9.a3 Ng4 10.Ra2 Qc7 11.b3 a6 12.a4 Rb8 13.Na3 Bd7 14.h3 Nf6 15.Qc2 Rfc8 16.Bb2 b5
17.axb5 axb5 18.Rfa1 bxc4 19.Naxc4 Nxc4 20.bxc4 Rxb2 21.Rxb2 Ne8 22.Rab1 Bxb2
23.Qxb2 Nf6 24.Kh2 Qa5 25.Ne4 Nxe4 26.Bxe4 Ra8 27.Bd3 Ra7 28.h4 h5 29.Qc1 Kg7
30.Rb8 Qc7 31.Qb1 Bc8 32.Qb2+ Kg8 33.Qb5  1/2-1/2

[Event "XVIII Open"]
[Site "Metz FRA"]
[Date "2000.04.19"]
[Round "5"]
[White "Arkell,K"]
[Black "Djuric,S"]
[Result "0-1"]
[WhiteElo "2436"]
[BlackElo "2491"]

1.d4 Nf6 2.Nf3 g6 3.c4 Bg7 4.g3 O-O 5.Bg2 d6 6.O-O c6 7.Nc3 Qa5 8.e4 e5 9.d5 cxd5
10.cxd5 Bd7 11.Rb1 Rc8 12.b4 Qd8 13.Bd2 Na6 14.Qe2 Qf8 15.Rfc1 Ne8 16.Ne1 Bh6
17.f4 Bg7 18.Nf3 Qe7 19.a4 exf4 20.gxf4 Nf6 21.e5 Nh5 22.Nb5 Rxc1+ 23.Rxc1 Re8
24.Re1 dxe5 25.fxe5 Bg4 26.Qc4 Bxf3 27.Bxf3 Bxe5 28.d6 Qd8 29.Bd5 Qd7 30.Bc3 Rc8
31.Bxf7+ Kf8 32.Qe6 Qxe6 33.Bxe6 Rxc3 34.Nxc3 Bxc3 35.Rc1 Nf4 36.Kf1 Bxb4
37.Rc8+ Kg7 38.Bc4 Bxd6 39.Bxa6 bxa6 40.Rc6 Bb8 41.Rxa6 Nd5 42.Ra5 Nc7 43.Rc5 Kf6
44.Rc2 Ne6 45.a5 Bc7 46.a6 Bb6 47.Kg2 Nc5 48.Ra2 g5 49.Kf3 Kf5 50.h3 h5 51.Kg3 Nd3
52.Rd2 Ke4 53.Rc2 Bf2+ 54.Kh2 Be3  0-1

[Event "ch-URU"]
[Site "Montevideo URU"]
[Date "2000.04.20"]
[Round "6"]
[White "Izquierdo,D"]
[Black "Roselli Mailhe,B"]
[Result "1/2-1/2"]
[WhiteElo "2283"]
[BlackElo "2401"]

1.Nf3 Nf6 2.d4 g6 3.c4 Bg7 4.g3 O-O 5.Bg2 d6 6.O-O c5 7.dxc5 dxc5 8.Nc3 Nc6
9.Be3 Qa5 10.Qa4 Nd7 11.Qxa5 Nxa5 12.Nd2 Rb8 13.Rac1 b6 14.b3 Bb7 15.Rfd1 Bxg2
16.Kxg2 Rfd8 17.g4 Nc6 18.Nf3 Nf8 19.Nd5 Ne6 20.Bd2 Rb7 21.e3  1/2-1/2

[Event "Laskers"]
[Site "Berlin GER"]
[Date "2000.05.02"]
[Round "4"]
[White "Bunzmann,D"]
[Black "Polzin,R"]
[Result "1/2-1/2"]
[WhiteElo "2502"]
[BlackElo "2464"]

1.d4 Nf6 2.c4 g6 3.Nf3 Bg7 4.g3 O-O 5.Bg2 d6 6.O-O Nbd7 7.Nc3 e5 8.e4 a6
9.h3 Rb8 10.Re1 b5 11.cxb5 axb5 12.a3 c6 13.dxe5 dxe5 14.Qc2 Qe7 15.Be3 Bb7
16.Rad1 c5 17.Bg5 h6 18.Nd5 Bxd5 19.Bxf6 Nxf6 20.exd5 Nd7 21.b4 Rfc8 22.d6 Qe6
23.Qb1 Rb6 24.bxc5 Rxc5 25.Nd4 Qf6 26.Nb3 Rc3 27.Nd2 Rxa3 28.Qc1 Ra7 29.Qc8+ Bf8
30.Ne4 Qe6 31.Ra1 Rb8 32.Qc6 Rb6 33.Qc8 Rb8 34.Qc6 Rb6 35.Qc8  1/2-1/2

[Event "Kastav"]
[Site "Opatija CRO"]
[Date "2000.05.07"]
[Round "3"]
[White "Kiss,At"]
[Black "Muhvic,D"]
[Result "1/2-1/2"]
[WhiteElo "2326"]
[BlackElo "2224"]

1.d4 Nf6 2.Nf3 g6 3.c4 Bg7 4.g3 O-O 5.Bg2 d6 6.O-O c5 7.d5 e6 8.Nc3 exd5
9.cxd5 Re8 10.Bf4 a6 11.a4 Nh5 12.Bg5 Qc7 13.Qd2 Nd7 14.Rac1 Qa5 15.Ne4 Qc7
16.Nc3 Qa5 17.Ne4 Qc7 18.Nc3 Qa5  1/2-1/2

[Event "FSIM May"]
[Site "Budapest HUN"]
[Date "2000.05.08"]
[Round "3"]
[White "Nemeth,Z"]
[Black "Rajlich,V"]
[Result "0-1"]
[WhiteElo "2379"]
[BlackElo "2309"]

1.Nf3 Nf6 2.d4 g6 3.g3 Bg7 4.c4 O-O 5.Bg2 d6 6.O-O Nbd7 7.Qc2 e5 8.Rd1 Qe7
9.Nc3 c6 10.e4 exd4 11.Nxd4 Re8 12.b3 Nc5 13.f3 h5 14.Bg5 Qc7 15.Rac1 Nfd7
16.b4 Bxd4+ 17.Rxd4 Ne6 18.Be3 Nxd4 19.Bxd4 Ne5 20.Nd1 a5 21.f4 Nd7 22.b5 cxb5
23.Ne3 b4 24.Nd5 Qd8 25.Qd2 Rf8 26.f5 Kh7 27.Rf1 Ra6 28.Qf4 g5 29.Qf3 Kh6
30.h4 Ne5 31.hxg5+ Qxg5 32.Qe2 Qg4 33.Qd2+ Kg7 34.Kh2 f6 35.Rf4 Qg5 36.Qe2 Kf7
37.Bf3 Rh8 38.Rh4 Qd2 39.Bxh5+ Rxh5 40.Qxd2 Rxh4+ 41.gxh4 Nf3+ 42.Kg3 Nxd2
43.Kf4 Rc6 44.h5 Rxc4  0-1

[Event "FSIM May"]
[Site "Budapest HUN"]
[Date "2000.05.09"]
[Round "4"]
[White "Nemeth,Z"]
[Black "Resika,N"]
[Result "0-1"]
[WhiteElo "2379"]
[BlackElo "2190"]

1.d4 g6 2.g3 Bg7 3.Bg2 d6 4.Nf3 Nf6 5.c4 O-O 6.O-O Nc6 7.Nc3 a6 8.d5 Na5
9.Nd2 c5 10.Qc2 Rb8 11.b3 b5 12.Bb2 bxc4 13.bxc4 Bh6 14.f4 e5 15.dxe6 Bxe6
16.Nd5 Bxd5 17.cxd5 Rxb2 18.Qxb2 Bg7 19.Qc1 Ng4 20.Rb1 Bd4+ 21.Kh1 Ne3 22.Re1 Qe8
23.Qa3 Qd8 24.Nb3 Nxg2 25.Kxg2 Nc4 26.Qc1 Ne3+ 27.Kh1 Qe8 28.Nd2 Qa8 29.Nf3 Qxd5
30.Rb3 Re8 31.Qb1 Kg7 32.Rb8 Rxb8 33.Qxb8 Bc3 34.Rg1 Qxa2 35.Qxd6 Qxe2 36.Ng5 Ng4
37.Ne6+ Qxe6  0-1

[Event "New York Open"]
[Site "New York USA"]
[Date "2000.05.09"]
[Round "7"]
[White "Ippolito,D"]
[Black "Blank Goncalves,E"]
[Result "1-0"]
[WhiteElo "2373"]
[BlackElo "2149"]

1.d4 d6 2.Nf3 Nf6 3.c4 g6 4.g3 Bg7 5.Bg2 O-O 6.Nc3 Nbd7 7.O-O e5 8.e4 exd4
9.Nxd4 a6 10.h3 c5 11.Nde2 Qc7 12.Bf4 Ne5 13.b3 Rb8 14.a4 b6 15.Qd2 Rd8 16.Bg5 Bb7
17.Rad1 Ne8 18.Bxd8 Qxd8 19.f4 Nc6 20.e5 Na5 21.Bxb7 Rxb7 22.Ne4 Nxb3 23.Qc2 Na5
24.Nxd6 Rd7 25.Nxe8 Qxe8 26.Rd5 Nc6 27.Qd2 Rc7 28.Rd1 Rc8 29.Kh2 f6 30.Rd6 fxe5
31.Qd5+ Kh8 32.Re6  1-0

[Event "3rd Open"]
[Site "Tanta City EGY"]
[Date "2000.05.09"]
[Round "6"]
[White "Rausis,I"]
[Black "Hassan,Say"]
[Result "1-0"]
[WhiteElo "2486"]
[BlackElo "2397"]

1.d4 Nf6 2.Nf3 g6 3.c4 Bg7 4.g3 O-O 5.Bg2 d6 6.O-O Nc6 7.Nc3 Bg4 8.h3 Bxf3
9.Bxf3 Nd7 10.e3 e5 11.Rb1 exd4 12.exd4 Nxd4 13.Bxb7 Rb8 14.Bg2 c5 15.b3 Re8
16.Bd2 f5 17.Be3 Qa5 18.Bxd4 cxd4 19.Ne2 Qe5 20.Nf4 Nc5 21.Bc6 Re7 22.Nd5 Rf7
23.Re1 Ne4 24.Nf4 Nc3 25.Qc2 Qc5 26.Bd5 Nxd5 27.Nxd5 a5 28.Qd3 Rff8 29.Re2 Rbe8
30.Rbe1 Re5 31.f4 Rxe2 32.Rxe2 Qa3 33.Kg2 a4 34.Nc7 axb3 35.axb3 Rb8 36.Qf3 Qxb3
37.Re8+ Rxe8 38.Qxb3 Re2+ 39.Kf1 Re3 40.Qa2 d3 41.c5+  1-0

[Event "3rd Open"]
[Site "Tanta City EGY"]
[Date "2000.05.11"]
[Round "8"]
[White "Abdel Razik,K"]
[Black "Hassan,Say"]
[Result "1/2-1/2"]
[WhiteElo "2318"]
[BlackElo "2397"]

1.d4 Nf6 2.c4 g6 3.Nf3 Bg7 4.g3 O-O 5.Bg2 d6 6.O-O Nc6 7.Nc3 Rb8 8.h3 Bd7
9.e4 e5 10.Be3 a6 11.d5 Ne7 12.Nd2  1/2-1/2

[Event "Kastav"]
[Site "Opatija CRO"]
[Date "2000.05.12"]
[Round "8"]
[White "Kiss,At"]
[Black "Nurkic,S"]
[Result "0-1"]
[WhiteElo "2326"]
[BlackElo "2418"]

1.d4 g6 2.c4 Bg7 3.Nf3 Nf6 4.g3 O-O 5.Bg2 d6 6.O-O Nc6 7.Nc3 e5 8.d5 Ne7
9.c5 Ne8 10.cxd6 Nxd6 11.Qb3 h6 12.e4 c6 13.Re1 Re8 14.h3 cxd5 15.exd5 Nef5
16.Be3 Nxe3 17.Rxe3 e4 18.Nd2 Bd4 19.Re2 e3 20.Nde4 Nxe4 21.Nxe4 exf2+ 22.Kf1 Bf5
23.Rd1 Bxe4 24.Rxe4 Bb6 25.Rxe8+ Qxe8 26.d6 Qd7 27.Qd5 Re8 28.g4 Qa4 29.Qd3 Qb4
30.Bd5 Qe1+ 31.Kg2 Qg1+  0-1

[Event "ch-TKM"]
[Site "Ashgabat TKM"]
[Date "2000.05.15"]
[Round "4"]
[White "Tselutin,E"]
[Black "Kakageldyev,A"]
[Result "1-0"]
[WhiteElo "2202"]
[BlackElo "2491"]

1.c4 g6 2.d4 Bg7 3.Nf3 d6 4.g3 Nf6 5.Bg2 O-O 6.O-O Nc6 7.Nc3 a6 8.d5 Na5
9.Nd2 c5 10.Qc2 Rb8 11.b3 b5 12.Rb1 Bd7 13.Bb2 Qc7 14.Nd1 bxc4 15.bxc4 e5
16.dxe6 fxe6 17.Ne3 Nc6 18.Nf3 Rb6 19.a3 Rfb8 20.Bc3 Rxb1 21.Rxb1 Rb6 22.Qd3 Ne7
23.Nf1 Qb8 24.Rxb6 Qxb6 25.N1d2 d5 26.e3 Bc6 27.Ne5 Bb7 28.Qb1 Qxb1+ 29.Nxb1 Nf5
30.Nd3 Nd7 31.Bxg7 Nxg7 32.Nc3 dxc4 33.Bxb7 cxd3 34.Bxa6 Ne5 35.f4 Nf3+ 36.Kf2 Nxh2
37.Bxd3 Ng4+ 38.Kf3 Nh2+ 39.Ke2 Kf7 40.a4 Ke7 41.a5 c4 42.Be4 Nh5 43.a6 Nxg3+
44.Kd1 Ng4 45.a7 Nf2+ 46.Ke1  1-0

[Event "FSIM May"]
[Site "Budapest HUN"]
[Date "2000.05.15"]
[Round "10"]
[White "Nemeth,Z"]
[Black "Wolter,K"]
[Result "1/2-1/2"]
[WhiteElo "2379"]
[BlackElo "2356"]

1.Nf3 Nf6 2.g3 g6 3.Bg2 Bg7 4.d4 O-O 5.c4 d6 6.O-O Nc6 7.Nc3 a6 8.d5 Na5
9.Nd2 c5 10.Qc2 Rb8 11.b3 b5 12.Bb2 e5 13.dxe6 Bxe6 14.cxb5 axb5 15.Nce4 Bf5
16.Bxf6 Bxf6 17.Nxf6+ Qxf6 18.Be4 Nc6 19.Bxf5 Nd4 20.Qd3 Qxf5 21.e4 Qh5 22.f4 f5
23.Rae1 Ra8 24.e5 dxe5 25.Rxe5 Rxa2 26.Rxc5 Rd8 27.Kh1 Qe2 28.Qxe2 Nxe2 29.Nf3 Nd4
30.Ne5 Nxb3 31.Rxb5 Nd2 32.Rf2 Ra1+ 33.Kg2 Ne4 34.Rfb2 Rad1 35.Kh3 R1d2 36.R2b3 Nf2+
37.Kh4 Ne4 38.h3 Nd6 39.Ra5 Nf7 40.Nxf7 Kxf7 41.Ra7+ R2d7 42.Rbb7 Rxb7 43.Rxb7+ Kf6
44.Rxh7 Rd4  1/2-1/2

[Event "FSIM May"]
[Site "Budapest HUN"]
[Date "2000.05.17"]
[Round "12"]
[White "Froehlich,P"]
[Black "Wolter,K"]
[Result "1/2-1/2"]
[WhiteElo "2375"]
[BlackElo "2356"]

1.d4 Nf6 2.Nf3 g6 3.g3 Bg7 4.Bg2 O-O 5.c4 d6 6.O-O Nc6 7.Nc3 a6 8.b3 Rb8
9.Nd5 Nh5 10.Bb2 e6 11.Ne3 f5 12.Qd2 f4 13.Nc2 g5 14.g4 Nf6 15.d5 exd5 16.Nxg5 dxc4
17.Qxf4 cxb3 18.Qc4+ d5 19.Qd3 bxc2 20.Bxf6 Rxf6 21.Bxd5+ Kf8 22.Nxh7+ Ke8
23.Nxf6+ Qxf6 24.Qxc2 Bxg4 25.Rab1 Bd7 26.Rb3  1/2-1/2

[Event "Open"]
[Site "Pula CRO"]
[Date "2000.05.19"]
[Round "4"]
[White "Medic,Mir"]
[Black "Starc,C"]
[Result "1-0"]
[WhiteElo "2277"]
[BlackElo "2124"]

1.d4 Nf6 2.c4 g6 3.g3 Bg7 4.Bg2 O-O 5.Nf3 d6 6.O-O Nbd7 7.Nc3 e5 8.h3 c6
9.e4 Qb6 10.Re1 exd4 11.Nxd4 Ng4 12.Nce2 Nge5 13.b3 Nc5 14.Be3 a5 15.Rb1 Qc7
16.Nc3 Re8 17.Qc2 Ned7 18.a3 Nf8 19.b4 axb4 20.axb4 Nce6 21.Nde2 Nd7 22.Qb3 Ne5
23.f4 Nd7 24.Bf2 Ndf8 25.Rbd1 Qe7 26.Rd2 g5 27.f5 Nc7 28.Red1 Be5 29.Nd4 Qf6
30.Rd3 Qg7 31.Nce2 Bf6 32.g4 Nd7 33.Ng3 Qh6 34.Nf3 Be7 35.Nh5 Nf6 36.Rxd6 Bxd6
37.Rxd6 Ra1+ 38.Bf1 Ne6 39.Nxf6+ Qxf6 40.fxe6 Bxe6 41.Rd1 Rxd1 42.Qxd1 Rd8
43.Nd4 b5 44.cxb5 cxb5 45.Bxb5 h5 46.gxh5 Bxh3 47.Qd3 Bc8 48.Qe3 Bb7 49.e5 Qf4
50.Qxf4 gxf4 51.Be2 Kh7 52.b5 Rc8 53.Nc6 Bxc6 54.bxc6 Rxc6 55.Bh4 Kh6 56.Be7 Re6
57.Bf8+ Kg5 58.Bg7 f6 59.h6 Kg6 60.Bd3+ Kf7 61.Bc4  1-0

[Event "Open"]
[Site "Pula CRO"]
[Date "2000.05.23"]
[Round "8"]
[White "Goric,E"]
[Black "Ramesa,M"]
[Result "1-0"]
[WhiteElo "2337"]
[BlackElo "2109"]

1.g3 g6 2.Bg2 Bg7 3.d4 d6 4.Nf3 Nf6 5.c4 O-O 6.O-O c6 7.Nc3 Qa5 8.a3 Qa6
9.Nd2 e5 10.dxe5 dxe5 11.Qc2 Bf5 12.Nce4 Nbd7 13.b4 Qb6 14.c5 Qb5 15.Nxf6+ Nxf6
16.e4 Be6 17.Rd1 Qe2 18.Bf3 Qb5 19.Re1 Bg4 20.Bg2 Be2 21.a4 Qd3 22.Qb2 Bg4
23.Bf1 Qd7 24.Nc4 Rfe8 25.Ra3 Bh3 26.Rd3 Qe6 27.Rd6 Qg4 28.f3 Qh5 29.Bxh3 Qxh3
30.Bg5 Nh5 31.Qg2 Qxg2+ 32.Kxg2 h6 33.Be3 Rad8 34.Red1 Rxd6 35.cxd6 Rd8 36.Bxa7 Bf8
37.Bb6 Rd7 38.Bc7 Nf6 39.Nxe5  1-0